000 00596nam a2200169Ia 4500
008 090711s9999 xx 000 0 und d
082 _b79781
100 _aकोकड अ. दि.
245 _aस्वागत रंजन मेजवान्या
260 _bसन पब्लिकेशन पुणे
_c1992
300 _a55
600 _aकोकड अ. दि.
630 _aस्वागत रंजन मेजवान्या
700 _aकोकड अ. दि.
730 _aस्वागत रंजन मेजवान्या
942 _cBOOK
999 _c320917
_d320917